Métodos fundamentales de economía matemática (Registro nro. 1449)
[ vista simple ]
| 000 -LEADER | |
|---|---|
| fixed length control field | 02305 a2200289 4500 |
| 001 - CONTROL NUMBER | |
| control field | 26307 |
| 005 - DATE AND TIME OF LATEST TRANSACTION | |
| control field | 20260407155543.0 |
| 008 - FIXED-LENGTH DATA ELEMENTS--GENERAL INFORMATION | |
| fixed length control field | 260407a2006 arg spa d |
| 003 - CONTROL NUMBER IDENTIFIER | |
| control field | AR-UNSa-BCEJYS |
| 040 ## - CATALOGING SOURCE | |
| Original cataloging agency | AR-UNSa-BCEJYS |
| Language of cataloging | spa |
| Transcribing agency | AR-UNSa-BCEJYS |
| 080 ## - UNIVERSAL DECIMAL CLASSIFICATION NUMBER | |
| Universal Decimal Classification number | 330.4 |
| Common auxiliary subdivision | Economía matemática |
| 020 ## - INTERNATIONAL STANDARD BOOK NUMBER | |
| International Standard Book Number | 978-970-10-5614-1 |
| 100 1# - MAIN ENTRY--PERSONAL NAME | |
| Personal name | Chiang, Alpha C. |
| 245 10 - TITLE STATEMENT | |
| Title | Métodos fundamentales de economía matemática |
| 250 ## - EDITION STATEMENT | |
| Edition statement | 4a. ed |
| 264 #1 - PRODUCTION, PUBLICATION, DISTRIBUTION, MANUFACTURE, AND COPYRIGHT NOTICE | |
| Place of production, publication, distribution, manufacture | México : |
| Name of producer, publisher, distributor, manufacturer | McGraw-Hill |
| Date of production, publication, distribution, manufacture, or copyright notice | 2006 |
| 300 ## - PHYSICAL DESCRIPTION | |
| Extent | 687 p. |
| Dimensions | 24 cm. |
| 505 ## - FORMATTED CONTENTS NOTE | |
| Formatted contents note | Parte I: Introducción : 1. La naturaleza de la economía matemática - 2. Modelos económicos - Parte II : Análisis estático( o de equilibrio): 3. Análisis de equilibrio en la economía - 4. Modelos lineales y álgebra de matrices - 5. Modelos lineales y álgebra de matrices(continuación) - Parte III : Análisis estático-comparativo : 6. Estática comparativa y el concepto de derivadas - 7. Reglas de diferenciación y su uso en la estática comparativa - 8. Análisis estático comparativo de modelos con funciones generales - Parte IV : Problemas de optimización : 9. Optimización: una variedad especial del análisis de equilibrio - 10. Funciones exponenciales y logarítmicas - 11. El caso de más de una variable de elección - 12. Optimización con resticciones de igualdad - 13. Temas adicionales de optimización - Parte V : Análisis dinámico: 14. La dínamica económica y cálculo integral - 14. Tiempo continuo: ecuaciones diferenciales de primer orden - 15. Tiempo continuo : ecuaciones en diferencias de primer orden - 16. Ecuaciones diferenciales de orden superior - 17. Tiempo discreto: ecuaciones en diferencias de primer orden - 17. Ecuaciones en diferencia de primer orden - 18. Ecuaciones en diferencias de orden superior - 19. Ecuaciones diferenciales y ecuaciones en diferencias simultáneas - 20. Teoría de control óptimo |
| 590 ## - LOCAL NOTE (RLIN) | |
| Local note | niveau_biblio:m niveau_hierar:0 |
| 700 1# - ADDED ENTRY--PERSONAL NAME | |
| Personal name | Wainwright, Kevin |
| 700 1# - ADDED ENTRY--PERSONAL NAME | |
| Personal name | Sánchez Fragoso, Francisco |
| 700 1# - ADDED ENTRY--PERSONAL NAME | |
| Personal name | Arrioja Juárez, Raúl |
| 700 1# - ADDED ENTRY--PERSONAL NAME | |
| Personal name | González Nucamendi, Andrés |
| 700 1# - ADDED ENTRY--PERSONAL NAME | |
| Personal name | Léon Cázares, Filadelfo |
| 856 41 - ELECTRONIC LOCATION AND ACCESS | |
| Uniform Resource Identifier | <a href="https://biblioeco.unsa.edu.ar/pmb/images/libros/Metodos fundamentales de economia matematica-l116678.jpg">https://biblioeco.unsa.edu.ar/pmb/images/libros/Metodos fundamentales de economia matematica-l116678.jpg</a> |
| Link text | Imagen de portada |
| Electronic format type | image/jpeg |
| 942 ## - ADDED ENTRY ELEMENTS (KOHA) | |
| Koha item type | |
| Withdrawn status | Lost status | Damaged status | Not for loan | Home library | Current library | Shelving location | Date acquired | Total checkouts | Full call number | Barcode | Date last seen | Price effective from | Koha item type | Public note |
|---|---|---|---|---|---|---|---|---|---|---|---|---|---|---|
| Biblioteca Prof. Eusebio Cleto del Rey | Biblioteca Prof. Eusebio Cleto del Rey | 07/04/2026 | 330.4 C532 4ed. | L116680 | 07/04/2026 | 07/04/2026 | Libro | HÚMEDO - MANCHADO EN CANTO Y EN HOJAS - PRIMERAS PÁGINAS CON LÁPIZ AMARILLO | ||||||
| Biblioteca Prof. Eusebio Cleto del Rey | Biblioteca Prof. Eusebio Cleto del Rey | 07/04/2026 | 330.4 C532 4ed. | L116679 | 07/04/2026 | 07/04/2026 | Libro | HÚMEDO - MANCHADO - | ||||||
| Biblioteca Prof. Eusebio Cleto del Rey | Biblioteca Prof. Eusebio Cleto del Rey | 07/04/2026 | 330.4 C532 4ed. | L116678 | 07/04/2026 | 07/04/2026 | Libro | |||||||
| Biblioteca Prof. Eusebio Cleto del Rey | Biblioteca Prof. Eusebio Cleto del Rey | 07/04/2026 | 330.4 C532 4ed. | L126823 | 07/04/2026 | 07/04/2026 | Libro | |||||||
| Biblioteca Prof. Eusebio Cleto del Rey | Biblioteca Prof. Eusebio Cleto del Rey | 07/04/2026 | 330.4 C532 4ed. | L126824 | 07/04/2026 | 07/04/2026 | Libro | |||||||
| Biblioteca Prof. Eusebio Cleto del Rey | Biblioteca Prof. Eusebio Cleto del Rey | 07/04/2026 | 330.4 C532 4ed. | L126825 | 07/04/2026 | 07/04/2026 | Libro | CANTO INFERIOR MANCHADO | ||||||
| Biblioteca Prof. Eusebio Cleto del Rey | Biblioteca Prof. Eusebio Cleto del Rey | 07/04/2026 | 330.4 C532 4ed. | L127213 | 07/04/2026 | 07/04/2026 | Libro | |||||||
| Biblioteca Prof. Eusebio Cleto del Rey | Biblioteca Prof. Eusebio Cleto del Rey | 07/04/2026 | 330.4 C532 4ed. | L128226 | 07/04/2026 | 07/04/2026 | Libro | PÁGINAS DOBLADAS DESDE ESQUINA SUPERIOR DERECHA |